Statystyki dla Top 100 najdroższych zawodników premier league

Kliknij tutaj aby rozwiązać quiz!

Ogólne statystyki

  • Ten quiz został rozwiązany 177 razy
  • Średni wynik to 44 z 100

Statystyki odpowiedzi

HintOdpowiedź% Poprawnych
100 mlnSalah
94%
100 mlnKane
87%
80 mlnMane
87%
50 mlnEderson
85%
35 mlnRonaldo
85%
55 mlnVan dijk
82%
60 mlnAlisson
81%
90 mlnDe bruyne
81%
80 mlnSon
79%
85 mlnSterling
78%
80 mlnAlexander-Arnold
75%
85 mlnFoden
75%
85 mlnRashford
75%
50 mlnKante
73%
38 mlnFirmino
72%
100 mlnLukaku
72%
90 mlnFernandes
70%
65 mlnSaka
70%
65 mlnRobertson
69%
60 mlnJesus
67%
48 mlnMaguire
67%
75 mlnDias
66%
75 mlnSilva
66%
70 mlnRodri
63%
80 mlnGrealish
62%
85 mlnSancho
62%
70 mlnHavertz
60%
40 mlnMahrez
60%
55 mlnPogba
60%
32 mlnMendy
59%
60 mlnCancelo
58%
70 mlnMount
58%
60 mlnFabinho
57%
40 mlnDiaz
55%
28 mlnStones
55%
55 mlnJames
54%
50 mlnWerner
54%
60 mlnJota
53%
65 mlnVarane
53%
75 mlnRice
50%
42 mlnShaw
50%
45 mlnLaporte
49%
38 mlnWan-Bissaka
47%
45 mlnJorginho
46%
42 mlnOdegaard
46%
28 mlnMartinelli
45%
35 mlnGundogan
44%
35 mlnRudiger
44%
30 mlnKonate
41%
28 mlnAke
38%
40 mlnWhite
38%
55 mlnRicharlison
37%
50 mlnMaddison
36%
35 mlnMcTominay
36%
45 mlnPulisic
36%
38 mlnChilwell
35%
38 mlnPartey
35%
38 mlnSmith rowe
35%
45 mlnKovacic
34%
32 mlnMartinez
34%
35 mlnRomero
32%
30 mlnKulusevski
31%
40 mlnPhillips
30%
40 mlnZaha
30%
35 mlnZiyech
30%
35 mlnBowen
28%
40 mlnNeves
28%
30 mlnSanchez
26%
55 mlnTielemans
26%
35 mlnChristensen
25%
30 mlnKeita
25%
45 mlnSoucek
25%
32 mlnTierney
25%
32 mlnWard-Prowse
25%
50 mlnGreenwood
24%
32 mlnSaint-Maximin
24%
35 mlnWatkins
23%
32 mlnZouma
23%
40 mlnFofana
22%
40 mlnRaphinha
22%
45 mlnCalvert-Lewin
21%
40 mlnHojbjerg
21%
32 mlnToney
21%
30 mlnJones
20%
32 mlnBarnes
19%
30 mlnGuimaraes
19%
32 mlnHudson-Odoi
19%
60 mlnNdidi
19%
30 mlnPepe
19%
32 mlnMings
18%
32 mlnBailey
15%
30 mlnDigne
15%
35 mlnLuiz
14%
45 mlnSoyuncu
14%
35 mlnBuendia
13%
30 mlnMcGinn
13%
35 mlnNeto
13%
35 mlnSaul
11%
28 mlnSaumare
1%
30 mlnDendnocker
0%

Rozkład punktacji

Percentyl według liczby udzielonych odpowiedzi

Procent ludzi z każdym wynikiem

Twoja historia wyników

Nie rozwiązałeś tego quizu